Primary Productivity of Phytoplankton/ (Record no. 197591)

MARC details
000 -LEADER
fixed length control field 00551nam a22001817a 4500
005 - DATE AND TIME OF LATEST TRANSACTION
control field 20231124114551.0
010 ## - LCCN (DPL NO)
LC control number ENG-137885
020 ## - INTERNATIONAL STANDARD BOOK NUMBER
International Standard Book Number 9789395255269
Terms of availability 450.00
035 ## - SYSTEM CONTROL NUMBER
System control number EN-121417
037 ## - SOURCE OF ACQUISITION
Source of stock number/acquisition DBAD/PUB
082 ## - DEWEY DECIMAL CLASSIFICATION NUMBER
Classification number 589.4
100 ## - MAIN ENTRY--PERSONAL NAME
Personal name Renu Singh
245 ## - TITLE STATEMENT
Title Primary Productivity of Phytoplankton/
Statement of responsibility, etc by Renu Singh
260 ## - PUBLICATION, DISTRIBUTION, ETC. (IMPRINT)
Place of publication, distribution, etc New Delhi
Name of publisher, distributor, etc Ayushman Publication House
Date of publication, distribution, etc 2021
270 ## - ADDRESS
Address 352E/4A Munirka, Near J.N.U. Main Gate
City New Delhi
Postal code 110067
300 ## - PHYSICAL DESCRIPTION
Extent 128p.
Dimensions 23cm(hb)
942 ## - ADDED ENTRY ELEMENTS (KOHA)
Source of classification or shelving scheme Dewey Decimal Classification
Item type English Books
Call number suffix REN
Classification part 589.4
Holdings
Withdrawn status Lost status Not for loan Collection code Home library Current library Date acquired Source of acquisition Cost, normal purchase price Full call number Barcode Copy number Cost, replacement price Koha item type
      Non-fiction Vinoba Puri Vinoba Puri 28/08/2023 DBAD/PUB 450.00 REN 589.4 EN-121417 1 450.00 English Books

© Delhi Public Library
Hit Counter
free hit counter